Southville International School and Colleges
Your cart is empty.
  • Cart
  • Lists
    Public lists Eva Luna New books Lux_list list_1
    Your lists Log in to create your own lists
  • Log in to your account
  • Your cookies
  • Search history
Southville International School and Colleges
  • Advanced search
  • Recent comments
  • Most popular
  • Libraries

Log in to your account

Log in with GOOGLE


If you do not have an external account, but do have a local account, you can still log in:

  1. Home
  2. MARC view: Duterte watch : descent into authoritarianism
Normal view MARC view ISBD view

Duterte watch : descent into authoritarianism (Record no. 365138)

[ view plain ]
MARC details
000 -LEADER
fixed length control field 00561nam a22001817a 4500
003 - CONTROL NUMBER IDENTIFIER
control field 0
005 - DATE AND TIME OF LATEST TRANSACTION
control field 20230811144003.0
008 - FIXED-LENGTH DATA ELEMENTS--GENERAL INFORMATION
fixed length control field 230811b xxu||||| |||| 00| 0 eng d
020 ## - INTERNATIONAL STANDARD BOOK NUMBER
International Standard Book Number 978-971-506-885-7
050 ## - LIBRARY OF CONGRESS CALL NUMBER
Classification number DS 686.616
Item number .Sa59 2022
100 ## - MAIN ENTRY--PERSONAL NAME
Personal name Santos, Vergel O.
245 ## - TITLE STATEMENT
Title Duterte watch : descent into authoritarianism
Statement of responsibility, etc Vergel O. Santos
260 ## - PUBLICATION, DISTRIBUTION, ETC. (IMPRINT)
Place of publication, distribution, etc Manila
Name of publisher, distributor, etc UST Publishing House
Date of publication, distribution, etc c2022.
300 ## - PHYSICAL DESCRIPTION
Extent xii, 278pp. ;
Dimensions 23 cm.
600 ## - SUBJECT ADDED ENTRY--PERSONAL NAME
Personal name Duterte, Rodrigo Roa, President, Philippines, 2016-
650 ## - SUBJECT ADDED ENTRY--TOPICAL TERM
Topical term or geographic name as entry element Authoritarianism.
942 ## - ADDED ENTRY ELEMENTS (KOHA)
Source of classification or shelving scheme Library of Congress Classification
Koha item type Books
Holdings
Withdrawn status Lost status Source of classification or shelving scheme Damaged status Home library Current library Shelving location Date acquired Source of acquisition Sub Shelving location Total Checkouts Full call number Barcode Date last seen Price effective from Koha item type
    Library of Congress Classification   College Library College Library Filipiniana Section 08/11/2023 Library Fund     DS 686.616 .Sa59 2022 C22861 08/11/2023 08/11/2023 Books

Duterte watch : descent into authoritarianism

APA

Santos V. O., . (2022). Duterte watch : descent into authoritarianism. Manila: UST Publishing House.

Chicago

Santos Vergel O, . 2022. Duterte watch : descent into authoritarianism. Manila: UST Publishing House.

Harvard

Santos V. O., . (2022). Duterte watch : descent into authoritarianism. Manila: UST Publishing House.

MLA

Santos Vergel O, . Duterte watch : descent into authoritarianism. Manila: UST Publishing House. 2022.

  • Place hold
  • Print
  • Cite
  • Add to your cart (remove)
  • Save record
    BIBTEX Dublin Core MARCXML MARC (non-Unicode/MARC-8) MARC (Unicode/UTF-8) MARC (Unicode/UTF-8, Standard) MODS (XML) RIS
  • More searches
    Search for this title in:
    Other Libraries (WorldCat) Other Databases (Google Scholar) Online Stores (Bookfinder.com) Open Library (openlibrary.org)

Exporting to Dublin Core...

SOUTHVILLE LIBRARY

Southville International School and Colleges Library

1281 Tropical Ave. Cor. Luxembourg St., BF Homes International, Las Pinas City

Tel. No. 8256374 / 252358 Loc. 117/146

Powered by Koha